000
00292nam a22001337a 4500
020
_a
978-0674060470
041
_a
ENG
100
_a
Sen Amartya
245
_a
The India of Justice
260
_a
New Delhi
_b
Penguin Books
_c
2000
300
_a
468
650
_a
Marathi
856
_u
Marathi ( 33 )
999
_c
2244
_d
2244